[Event "Isle of Wight op"]
[Site "Ryde"]
[Date "2024.04.21"]
[Round "5"]
[White "Tan, Chong Hien Andrew"]
[Black "Saivigneash, SM."]
[Result "1-0"]
[WhiteElo "1830"]
[BlackElo "1817"]
[PlyCount "107"]
[EventDate "2024.04.19"]
[EventType "swiss"]
[EventRounds "5"]
[EventCountry "ENG"]
[SourceTitle "CB17_2024"]
[SourceDate "2024.04.24"]
[SourceVersion "1"]
[SourceVersionDate "2024.04.24"]
[SourceQuality "1"]

1. c4 e5 2. g3 c6 3. Nf3 d6 4. Nc3 Nf6 5. Bg2 Be7 6. 0-0 0-0 7. Qc2 h6 8. d4 Qc7 9. b3 Re8 10. Bb2 Bg4 11. Rfd1 Bf8 12. h3 Bxf3 13. Bxf3 Nbd7 14. e4 a6 15. Rac1 Rac8 16. Qb1 g5 17. Kg2 Rcd8 18. d5 c5 19. Qd3 Bg7 20. Rh1 Nf8 21. Qe2 Ng6 22. Nd1 Kh7 23. Ne3 Rh8 24. Nf5 Kg8 25. h4 gxh4 26. Nxh4 Nxh4+ 27. Rxh4 Kf8 28. Rch1 Ke7 29. Bc1 Rdg8 30. Bxh6 Bxh6 31. Rxh6 Rxh6 32. Rxh6 Qd8 33. Qd2 a5 34. a3 Qb6 35. Qc3 Rg7 36. Rh1 Rg8 37. Rb1 Qc7 38. b4 cxb4 39. axb4 Ra8 40. c5 axb4 41. cxd6+ Qxd6 42. Rxb4 Rb8 43. Qb2 Qc7 44. Rb6 Ne8 45. d6+ Nxd6 46. Qxe5+ Kd7 47. Bg4+ f5 48. Bxf5+ Nxf5 49. Qxf5+ Kd8 50. Rf6 Qe7 51. Rf8+ Kc7 52. Rf7 Qxf7 53. Qxf7+ Kb6 54. e5 1-0